Central Library || Chittagong University

Hydrographic manual / (Record no. 112764)

MARC details
000 -LEADER
fixed length control field 00551nam a22002057a 4500
003 - CONTROL NUMBER IDENTIFIER
control field BD-ChCU
005 - DATE AND TIME OF LATEST TRANSACTION
control field 20260507100057.0
008 - FIXED-LENGTH DATA ELEMENTS--GENERAL INFORMATION
fixed length control field 260507b us ||||| |||| 00| 0 engd
020 ## - INTERNATIONAL STANDARD BOOK NUMBER
International Standard Book Number 9789811624933
040 ## - CATALOGING SOURCE
Transcribing agency BD-ChCU
082 ## - DEWEY DECIMAL CLASSIFICATION NUMBER
Edition number 23
Classification number 551.46 U48h
100 ## - MAIN ENTRY--PERSONAL NAME
Personal name Umbach, Melvin J.
9 (RLIN) 22572
245 ## - TITLE STATEMENT
Title Hydrographic manual /
Statement of responsibility, etc. Melvin J Umbach.
250 ## - EDITION STATEMENT
Edition statement 4ed.
260 ## - PUBLICATION, DISTRIBUTION, ETC.
Place of publication, distribution, etc. Chicago :
Name of publisher, distributor, etc. National Ocean and Atmospheric Adminstration,
Date of publication, distribution, etc. 1976
300 ## - PHYSICAL DESCRIPTION
Extent V.P
504 ## - BIBLIOGRAPHY, ETC. NOTE
Bibliography, etc. note Includes.
650 #0 - SUBJECT ADDED ENTRY--TOPICAL TERM
Topical term or geographic name entry element Hydrographic.
9 (RLIN) 22574
942 ## - ADDED ENTRY ELEMENTS (KOHA)
Source of classification or shelving scheme Dewey Decimal Classification
Koha item type Books
Suppress in OPAC No
Holdings
Withdrawn status Lost status Source of classification or shelving scheme Damaged status Not for loan Home library Current library Shelving location Date acquired Source of acquisition Total Checkouts Full call number Barcode Date last seen Copy number Price effective from Koha item type
    Dewey Decimal Classification     Chittagong University Library Chittagong University Library Science Reading Room 05/07/2026 purchase   551.46 343417 05/07/2026 C-1 05/07/2026 Books
    Dewey Decimal Classification     Chittagong University Library Chittagong University Library Science Reading Room 05/07/2026 purchase   551.46 343418 05/07/2026 C-2 05/07/2026 Books
© Copyright 2026. Chittagong University Library, Installation and Maintenance by Prof. Dr. Md. Alamgir, 01711306253